Statistics for Top 20 Countries by Abortion Rate

Click here to take the quiz!

General Stats

  • This quiz has been taken 50 times
  • The average score is 10 of 20

Answer Stats

CountryPer 1000 women% Correct
United States20.8
94%
China24.2
79%
Russia53.7
79%
Australia19.7
64%
Sweden20.2
64%
Ukraine27.5
64%
Belarus31.7
62%
Latvia27.3
57%
Estonia33.3
53%
Romania27.8
53%
Vietnam35.2
51%
Hungary23.4
49%
New Zealand19.7
49%
Bulgaria21.3
47%
Kazakhstan35
40%
Georgia19.1
38%
North Macedonia18.4
34%
Mongolia21.7
30%
Cuba24.8
26%
Seychelles21.6
2%

Score Distribution

Percentile by Number Answered

Percent of People with Each Score

Your Score History

You have not taken this quiz